[Event "EYCC Open U14 2018"]
[Site "Riga"]
[Date "2018.08.29"]
[Round "9"]
[White "Makarian, Rudik"]
[Black "Ognean, Mihnea Ionut"]
[Result "1-0"]
[WhiteElo "2378"]
[BlackElo "2293"]
[Annotator "TA"]
[PlyCount "123"]
[EventDate "2018.08.20"]
[EventType "swiss"]
[EventCountry "LAT"]
[SourceTitle "playchess.com"]
[Source "ChessBase"]
[SourceQuality "1"]

{[%evp 17,123,0,25,-4,27,0,45,-33,41,50,61,57,52,55,94,86,94,85,83,96,90,91,94,79,111,108,108,68,101,108,135,131,203,170,190,146,199,183,227,217,249,250,254,247,268,256,230,206,191,192,210,180,187,185,736,670,670,643,641,634,609,604,593,579,627,597,614,459,622,643,571,523,570,528,643,625,626,615,585,580,758,709,1354,1347,1225,1146,12839,12841,12841,12840,12843,12843,12844,12843,12843,12844,12845,12845,12845,12845,12847,12847,12848,12847,12848,12847,12848,12848]} 1. d4 Nf6 2. c4 e6 3. g3 c5 4. dxc5 Bxc5 5. Bg2 O-O 6. Nf3 Nc6 7. O-O d5 8. cxd5 exd5 9. Nc3 {[%cal Bb1c3,Bc3e2,Be2f4][%mdl 32] D30: Queen's Gambit Declined: Systems without Nc3} (9. Nbd2 Bb6 10. Nb3 d4 11. Bf4 Re8 12. Qd3 Bg4 13. Rfd1 Qe7 14. h3 Nb4 15. Qb5 d3 16. exd3 Bd7 17. Qg5 h6 {0-1 (41) Stupak,K (2502)-Sutovsky,E (2665) Plovdiv 2010}) 9... a6 {LiveBook: 3 Games} 10. b3 $146 ({Predecessor:} 10. Bg5 d4 11. Bxf6 Qxf6 {½-½ (45) Djuric,S (2520)-Caposciutti,M (2310) Saint Vincent 1998}) 10... Be6 11. Bb2 {White has an edge.} Ba7 12. Rc1 (12. e3 $14) 12... Rc8 (12... d4 $1 $15 13. Na4 Bd5) 13. e3 $14 h6 14. Ne2 Ne4 15. Nf4 Qd6 16. Nh4 {[#] Black must now prevent Bxe4.} Rfd8 17. Qh5 Ng5 18. Nf3 Nxf3+ 19. Bxf3 Ne7 20. Nxe6 fxe6 21. Bg4 Rc6 22. Be2 Rf8 23. Bd3 $40 {[%mdl 128] Black is in trouble.} Bb8 24. Rxc6 bxc6 (24... Qxc6 $16 {is a better defense.} 25. Qg4 Rf7) 25. Bxa6 e5 26. e4 Qe6 (26... Bc7 $16 27. Bd3 Kh8) 27. Qe2 $18 Ng6 28. Kg2 Qe7 29. Bd3 Qg5 {[#] aiming for ...Nf4+.} 30. Kh1 Kh8 31. Bc1 Qf6 32. Qh5 Ne7 33. Kg2 Bd6 34. f4 exf4 35. Bxf4 dxe4 $2 (35... Qb2+ 36. Qe2 Qxe2+ 37. Bxe2 Bb4) 36. Be5 {White is clearly winning.} Bxe5 37. Rxf6 Bxf6 38. Bxe4 Rd8 39. Qa5 Nd5 40. Kh3 h5 41. Bg6 h4 42. Qa6 hxg3 43. hxg3 Ne7 44. Be4 g6 45. Bxc6 Kg7 {If Black can now play ...Rd6 this consolidates a bit.} 46. Be4 Rc8 47. Qd6 Rc3 48. b4 {[%cal Bb3b4,Bb4b5][%mdl 32]} Re3 49. Qf4 Re1 50. b5 g5 51. Qg4 Ng6 52. Bxg6 Kxg6 {[%mdl 4096] Endgame KQ-KRB} 53. Qf3 Ra1 54. Qd3+ Kh6 55. Qd5 Re1 56. Kg4 Re5 57. Qc6 Kg7 58. b6 {Threatening mate with b7.} Re3 59. b7 Be5 60. Qd7+ Kh6 61. Qe6+ Kg7 62. Qxe5+ {Precision: White = 73%, Black = 27%.} 1-0

[Event "EYCC Open U14 2018"]
[Site "Riga"]
[Date "2018.08.29"]
[Round "9"]
[White "Oglaza, Oskar"]
[Black "Pedoson, Georg Aleksander"]
[Result "1-0"]
[WhiteElo "2364"]
[BlackElo "2195"]
[Annotator "TA"]
[PlyCount "85"]
[EventDate "2018.08.20"]
[EventType "swiss"]
[EventCountry "LAT"]
[SourceTitle "playchess.com"]
[Source "ChessBase"]
[SourceQuality "1"]

{[%evp 27,85,18,18,22,16,11,30,31,28,28,36,0,14,0,29,26,25,25,34,0,47,44,97,98,139,21,69,69,1282,167,460,159,139,97,106,105,102,110,196,204,645,637,614,290,279,287,286,283,556,556,543,545,539,510,504,486,456,442,385,354]} 1. Nf3 d5 2. g3 Nf6 3. Bg2 e6 4. O-O Be7 5. d4 O-O 6. c4 Nbd7 7. Qc2 c6 8. Nbd2 b6 9. e4 dxe4 10. Nxe4 Bb7 11. Nxf6+ Nxf6 12. Rd1 Qc8 13. Qe2 Re8 14. b3 c5 15. Bb2 {E09: Closed Catalan: Main Line: 7 Qc2 c6 8 Nbd2} cxd4 16. Bxd4 (16. Rxd4 Qc7 17. Qe5 Rac8 18. Rad1 Bc6 19. Qxc7 Rxc7 20. Ne5 Bxg2 21. Kxg2 Rec8 {½-½ (20) Svidler,P (2686)-Gelfand,B (2701) Moscow 2001}) 16... Bc6 $146 ({Predecessor:} 16... Rd8 17. Ne5 Nd7 18. Nd3 Bxg2 19. Kxg2 Nc5 20. Ne5 f6 21. Nf3 e5 22. Be3 Qc6 23. Kg1 Ne6 24. Rxd8+ Rxd8 25. Rd1 Rxd1+ 26. Qxd1 Kf7 27. Nd2 g6 28. Qf3 {½-½ (28) Stajcic,N (2270)-Krizsany,L (2370) Kecskemet 1993}) 17. Ne5 {White has an edge.} Bxg2 18. Kxg2 Qc7 19. f4 Red8 20. Rd3 h6 21. Qf3 Rac8 22. Rad1 Rd6 23. h4 Rcd8 24. g4 {[%cal Bg3g4,Bg4g5][%mdl 32]} Nd7 (24... Ne8 $14) 25. g5 $1 $16 {[%cal Rg5h6]} Nc5 26. R3d2 ({Only move:} 26. Qh5 $1 $16 {[%cal Rh5f7]} g6 27. Nxg6 $1 {[%mdl 512]} Nxd3 28. Qxh6 Nxf4+ 29. Kh2) 26... hxg5 27. hxg5 f6 $2 {[%mdl 8192]} (27... Qb7 $14) 28. Ng6 $2 (28. Qh5 {Threatening mate with Qf7+.} fxe5 29. g6) 28... e5 $2 (28... Qb7 {was called for.} 29. b4 (29. Qxb7 Nxb7 30. Nxe7+ Kf7 $16) 29... Qxf3+ 30. Kxf3 Kf7) 29. gxf6 $2 (29. fxe5 $18 {and the rest is easy.} fxe5 30. Rf2 Bxg5 31. Bxe5) 29... Rxf6 30. Nxe5 Ne6 31. Be3 Rdf8 {[#]} 32. Qg4 $1 $36 {[%mdl 2048] White is really pushing.} Bc5 (32... Qb7+ $16 {is a better defense.} 33. Rd5 Bc5 34. Bxc5 bxc5) 33. Rd7 $18 Bxe3 $2 (33... Qc8 34. Bc1 (34. Bxc5 Qxc5 35. Rf1 Qe3 $11) 34... Rf5) 34. Rxc7 Nxc7 35. Rd7 (35. Ng6 $142 Ne6 36. Nxf8 Nxf8 37. f5) 35... Ne6 36. Nd3 {Black must now prevent Re7.} Bxf4 37. Re7 ({Don't do} 37. Rxa7 $6 Bc7 $16) 37... Ng5 $2 (37... Rf5) 38. Nxf4 Rxf4 39. Qxg5 {[%csl Ge7][%cal Rg5g7]} Rf2+ 40. Kg3 {[%csl Ge7][%cal Rg5g7]} R8f3+ 41. Kg4 {[%csl Ge7][%cal Rg5g7]} ({Less strong is} 41. Kh4 Rf4+ 42. Kh5 Rh2+ 43. Kg6 Rf6+ 44. Qxf6 Rh6+ 45. Kg5 Rxf6 $18) 41... Rg2+ 42. Kxf3 {White threatens Rxg7+ and mate.} Rxg5 43. Rxa7 {Precision: White = 41%, Black = 29%.} 1-0

[Event "EYCC Open U14 2018"]
[Site "Riga"]
[Date "2018.08.29"]
[Round "9"]
[White "Pogosyan, Stefan"]
[Black "Bjerre, Jonas Buhl"]
[Result "1-0"]
[WhiteElo "2331"]
[BlackElo "2423"]
[Annotator "TA"]
[PlyCount "135"]
[EventDate "2018.08.20"]
[EventType "swiss"]
[EventCountry "LAT"]
[SourceTitle "playchess.com"]
[Source "ChessBase"]
[SourceQuality "1"]

{[%evp 24,135,7,12,8,8,10,0,4,0,0,0,9,0,0,0,0,0,0,7,0,0,0,21,24,0,0,0,0,19,81,73,87,88,83,87,93,92,87,100,90,92,118,0,0,0,137,118,140,131,104,9,9,0,0,0,117,118,110,114,138,131,106,65,191,191,191,191,184,184,513,488,559,223,1888,1920,1933,1856,1706,1574,1858,1697,1949,1756,1806,1798,1735,1470,2046,2009,1966,1941,1873,1872,1835,1791,1786,1761,1757,1720,1566,1406,1600,1489,2144,1956,2591,2239,12841,12841,12841,12842,12841,12842]} 1. d4 Nf6 2. c4 e6 3. Nc3 Bb4 4. Qc2 O-O 5. Nf3 c5 6. dxc5 Na6 {[%cal Bb8a6,Ba6c5,Bc5b7,Bb7a5,Ba5c4][%mdl 32]} 7. g3 Nxc5 8. Bg2 b6 9. O-O {E39: Nimzo-Indian: Classical: 4...c5 5 dxc5 0-0} Bb7 10. Nb5 Be4 11. Qd1 Nb7 (11... a6 12. Nd6 Bc6 13. Bf4 Nce4 14. Rc1 Bxd6 15. Bxd6 Nxd6 16. Qxd6 Qb8 {½-½ (50) Swiercz,D (2663)-Lenderman,A (2615) Philadelphia 2018}) 12. a3 Be7 13. Bf4 {LiveBook: 42 Games} Rc8 14. Rc1 a6 15. Nc3 Bxf3 16. Bxf3 Na5 17. Qd3 $146 Nxc4 18. b3 Na5 19. b4 Nc6 $1 20. e4 d6 21. Qxa6 Nd4 22. Qd3 Nxf3+ 23. Qxf3 Qd7 24. Rfd1 Qb7 $1 25. Bxd6 Bxd6 26. Rxd6 Qa6 (26... Qa8 $11) 27. Ne2 $16 Rxc1+ 28. Nxc1 Rc8 29. Ne2 h6 30. e5 Nd5 31. Rd7 Rf8 32. Nd4 Qa4 33. Rb7 Qa6 (33... Qa8 $5 34. Rd7 $8 Qa4 $14) 34. Rd7 Qa4 $1 {[%cal Ra4d7]} 35. Rd6 $1 Rc8 36. Kg2 Qe8 37. Nf5 (37. b5 $16) 37... Rc3 $36 {[%mdl 2048] Black is more active.} 38. Qg4 {[%csl Gf5][%cal Rg4g7]} exf5 39. Qd4 {[#]} Qa8 (39... Ne3+ $1 $11 {[%mdl 512]} 40. fxe3 Rc2+ 41. Kf3 Kh7) 40. Qxd5 $16 Qxd5+ 41. Rxd5 {[%mdl 4096] Endgame KR-KR} Kf8 42. Rd6 Rxa3 43. h4 h5 ({Better is} 43... b5 $14) 44. Rxb6 $18 Ke7 45. b5 $1 {[%cal Bb4b5,Bb5b6][%mdl 32]} Rb3 46. f4 g6 $2 {[#]} (46... Rb2+ {is tougher.} 47. Kf3 Rb3+ 48. Kf2 Kd7) 47. Kf2 $1 Kf8 48. Rb8+ $2 (48. Rb7 Ke8 49. b6) 48... Kg7 $2 (48... Ke7 49. b6 Kd7) 49. b6 {White is clearly winning.} Kh7 50. Rb7 Kg8 51. Ke2 Kf8 52. Kd2 Ke8 53. Kc2 Rb4 54. Kc3 Rb1 55. Kc4 Rc1+ 56. Kb5 Rb1+ 57. Kc6 Rc1+ 58. Kd6 {Threatening mate with Rb8+.} Rd1+ 59. Kc7 Rc1+ {[#]} 60. Kb8 $1 Rb1 61. Ka8 Rb3 62. Rb8+ Kd7 63. Kb7 Rxg3 64. Rc8 Rb3 65. Rc6 Rb4 66. Rd6+ Ke7 67. Kc7 Rc4+ 68. Rc6 {Precision: White = 75%, Black = 50%.} 1-0

[Event "EYCC Open U14 2018"]
[Site "Riga"]
[Date "2018.08.29"]
[Round "9"]
[White "Tadic, Stefan"]
[Black "Kochavi, Ori"]
[Result "0-1"]
[WhiteElo "2240"]
[BlackElo "2138"]
[Annotator "TA"]
[PlyCount "72"]
[EventDate "2018.08.20"]
[EventType "swiss"]
[EventCountry "LAT"]
[SourceTitle "playchess.com"]
[Source "ChessBase"]
[SourceQuality "1"]

{[%evp 22,72,0,-9,16,17,31,9,8,-62,22,0,67,65,68,60,47,68,72,54,44,-125,0,0,31,-18,0,-4,60,19,30,0,15,-55,-79,-71,-78,-79,-63,-127,-147,-394,-389,-463,-452,-531,-523,-524,-524,-593,-581,-2085,-526]} 1. e4 c6 2. c4 d5 3. exd5 cxd5 4. cxd5 Nf6 5. Qa4+ Nbd7 6. Nc3 g6 7. Bc4 Bg7 8. d3 O-O 9. Nf3 Nb6 10. Qb3 Bg4 {B10: Caro-Kann: 2 d3 and 2 c4} 11. Ng5 (11. Ne5 Qc7 12. f4 Qc5 13. h3 Bc8 14. Ke2 Nh5 15. Kf3 e6 16. g4 exd5 17. Nxd5 Nxd5 18. Bxd5 Bxe5 19. gxh5 {1-0 (46) Zhigalko,A (2594)-Hovhannisyan,R (2641) Yerevan 2016}) 11... Rc8 12. Be3 {LiveBook: 4 Games} Nfd7 {The position is equal.} 13. O-O $146 ({Predecessor:} 13. Nge4 Be5 14. f3 Bf5 15. O-O a6 16. Bh6 Re8 17. Be3 Rf8 18. Rac1 Bxc3 19. Rxc3 Nxc4 20. dxc4 {½-½ (50) Roos,C (2100)-Barzen,P (1922) Reil 2011}) 13... Ne5 {[%cal Re5c4]} 14. Bb5 Bf5 15. Rfd1 (15. Nge4 $11) 15... a6 (15... Ng4 $15) 16. Bxa6 bxa6 (16... Nxd5 $11 17. Nxd5 (17. Bxb7 $2 Nxe3 18. Bxc8 Nxd1 $19) 17... bxa6) 17. Bxb6 $14 Qd7 18. d4 Nd3 19. a4 h6 20. Nf3 Nf4 21. a5 $2 {[#]} (21. Ne5 $14 Qd6 22. Nc6) 21... Bh3 (21... Rxc3 $1 $17 22. bxc3 Be4) 22. g3 $1 $11 Bg4 23. Ne4 (23. Nd2 $5 {[%cal Rg3f4]}) 23... Qf5 24. Re1 Nxd5 (24... Ne2+ $11 25. Rxe2 Bxf3) 25. Nh4 (25. Ne5 $5 Bxe5 26. dxe5 $14 (26. Qxd5 Bg7 $14)) 25... Qh5 26. Bc5 Rb8 27. Qc2 ({Better is} 27. Qa3 $11) 27... Rfc8 $36 {[%mdl 2048] White must now prevent ...Bxd4! Black is really pushing.} 28. Qd2 g5 29. Ng2 Bf3 30. Qd3 ({White should play} 30. Ra3 $1 $15) 30... Rxb2 $17 31. Reb1 $2 (31. Ne3 $17 {keeps fighting.} Qh3 32. Qf1 Qxf1+ 33. Nxf1) 31... Rxb1+ $19 32. Rxb1 Qg4 {Black is clearly winning.} 33. Nd2 Bxg2 $1 34. f3 Qh3 35. Re1 g4 36. fxg4 {[#]} Nf6 {Precision: White = 29%, Black = 51%.} (36... Nf4 $142 $1 {[%mdl 512]} 37. Qe3 (37. gxf4 Qxd3) 37... Bd5) 0-1

[Event "EYCC Open U14 2018"]
[Site "Riga"]
[Date "2018.08.29"]
[Round "9"]
[White "Kirillov, Dmitry"]
[Black "Kacharava, Nikolozi"]
[Result "1/2-1/2"]
[WhiteElo "2209"]
[BlackElo "2361"]
[Annotator "TA"]
[PlyCount "133"]
[EventDate "2018.08.20"]
[EventType "swiss"]
[EventCountry "LAT"]
[SourceTitle "playchess.com"]
[Source "ChessBase"]
[SourceQuality "1"]

{[%evp 19,133,0,29,23,28,14,23,9,32,0,20,-1,13,0,0,0,10,-3,16,-47,-43,-46,-37,-52,-8,-77,-80,-49,-51,-94,-98,-96,-96,-109,-24,-8,-18,-39,23,-39,-54,-62,-70,-37,0,0,0,0,12,0,0,-54,-10,-18,0,0,0,-88,0,0,0,0,0,0,0,0,0,0,38,39,23,30,130,142,188,158,300,295,291,283,254,108,100,97,243,121,102,133,184,185,159,0,67,0,147,64,68,84,65,56,118,74,56,0,8,0,0,0,0,-8,-8,-8,-8,-8,0,0]} 1. e4 d6 2. d4 Nf6 3. Nc3 e5 4. Nf3 Nbd7 5. Bc4 Be7 6. O-O O-O 7. Re1 c6 8. a4 a5 9. Bf1 {C41: Philidor Defence} (9. b3 exd4 10. Nxd4 Ne5 11. Bf1 Re8 12. Ba3 Qb6 13. Qd2 Bd7 14. Rad1 Rad8 15. f3 h6 16. Qf2 Bf8 17. Nde2 Qc7 18. h3 b5 19. axb5 cxb5 {0-1 (53) Zhou,W (2603)-Yu,Y (2760) China 2018}) 9... Re8 10. h3 h6 {LiveBook: 6 Games} 11. Be3 {White has an edge.} exd4 $146 ({Predecessor:} 11... Qc7 12. Nd2 Bf8 13. Qf3 b6 14. Rad1 {½-½ (39) Masic,P (2364)-Brankovic,V (2171) Grocka 2015}) 12. Qxd4 Nc5 13. Rad1 Qc7 14. Nd2 Bf8 15. f3 Ne6 16. Qb6 Qb8 17. Qb3 Nc5 18. Qc4 b6 19. Qe2 (19. Qd4 $11) 19... d5 $15 20. exd5 cxd5 21. Qf2 Bd6 22. f4 {[#]} (22. Bd4 $1 $11 {remains equal.}) 22... Rxe3 $1 $17 {[%mdl 512]} 23. Qxe3 (23. Rxe3 d4) 23... Bxf4 24. Qd4 Ne6 {[%mdl 1024] Black has strong compensation.} 25. Qd3 Ba6 26. Nb5 Qc8 (26... Bg3 $17 27. Re3 Bd6) 27. g3 Qc5+ 28. Kh2 Bc7 (28... Bxb5 $15 29. axb5 Bd6) 29. Bg2 (29. Qe3 $11 Bxb5 30. Qxc5 bxc5 31. Bxb5 (31. axb5 Nd4 $11)) 29... h5 $15 30. Qe3 {Threatens to win with Qxc5.} Bxb5 31. Qxc5 Nxc5 32. axb5 h4 33. Nf1 hxg3+ 34. Kg1 Rd8 35. Bf3 (35. Ne3 $11) 35... Ne6 (35... d4 {looks sharper.} 36. Rd2 Ne6 37. c3 d3 38. Re3 Nf4) 36. Bg4 Ne4 37. Bxe6 fxe6 {[#]} 38. Kg2 {[#]} (38. Rxe4 $1 $11 {[%mdl 512]} dxe4 39. Rxd8+ Bxd8 40. Nxg3) 38... Rf8 (38... Rc8 $1 $17) 39. Re2 $11 Bf4 {[#]} 40. c4 $1 {[%mdl 512]} Rf5 $1 (40... dxc4 41. Rxe4) 41. cxd5 exd5 42. Rd3 Kf7 43. Rc2 Ke6 44. Rc6+ Bd6 $1 45. Rf3 $1 {[%cal Rf3f5] And now Rxf5 would win.} Rxf3 (45... Re5 $11) 46. Kxf3 {[%mdl 4096] Endgame KRN-KBN} Nc5 47. Nxg3 Nd3 (47... Nd7 $16 {was called for.}) 48. Rxb6 $18 Nxb2 49. Ra6 Nc4 50. b6 (50. Ne2 $18 {is more deadly.}) 50... Kd7 $16 51. Nf5 {Strongly threatening Ra7+.} Be5 (51... Bb4 $16) 52. Nxg7 (52. Ne3 $18 {and the rest is easy.}) 52... Kc6 {Hoping for ...Kb7.} 53. Ne6 Kb7 (53... Bd6 $16) 54. Nc5+ $18 Kc6 55. Ne6 ({Better is} 55. Nd3 $16) 55... Kb7 $1 $14 {[%cal Rb7a6]} 56. Nc5+ (56. Ra7+ $1 $14 Kxb6 57. Ra8) 56... Kc6 $16 57. Nb3 (57. Nd3 $16) 57... Kb7 58. Ra7+ $1 Kxb6 59. Ra8 Kb5 ({Black should play} 59... Bf6 $14) 60. Ke2 a4 61. Nd2 (61. Nc1 {seems wilder.} Bf6 62. Na2 Nd6 63. Rb8+ Kc5 64. Kd3) 61... Kb4 {The position is equal.} 62. Kd3 Nxd2 63. Kxd2 {aiming for Kc2.} Kb3 64. Ra7 a3 65. Rb7+ $1 Kc4 $1 66. Ra7 Kb3 67. Rb7+ $1 {Precision: White = 31%, Black = 49%.} 1/2-1/2

[Event "EYCC Open U14 2018"]
[Site "Riga"]
[Date "2018.08.29"]
[Round "9"]
[White "Popov, Konstantin"]
[Black "Subelj, Jan"]
[Result "1/2-1/2"]
[WhiteElo "2198"]
[BlackElo "2341"]
[Annotator "TA"]
[PlyCount "151"]
[EventDate "2018.08.20"]
[EventType "swiss"]
[EventCountry "LAT"]
[SourceTitle "playchess.com"]
[Source "ChessBase"]
[SourceQuality "1"]

{[%evp 18,151,15,20,59,52,49,27,30,9,21,24,68,62,83,33,51,0,0,0,0,0,0,0,0,6,7,4,5,0,0,0,0,0,0,0,0,-24,-16,-68,-84,-50,-52,-57,-23,-131,-121,-111,-95,-87,-94,-116,-61,-90,-65,-62,-18,-20,-10,-18,0,-28,0,-8,0,0,0,0,0,0,0,0,47,0,0,0,0,0,0,0,0,-80,0,0,0,0,0,0,0,0,8,0,0,0,0,0,12,0,8,8,129,110,139,78,151,106,81,8,8,8,122,0,0,0,0,0,0,0,0,0,0,0,0,-8,-8,-8,-8,-8,-8,-8,-8,-8,-8,-8,-8,-8]} 1. e4 e5 2. Nf3 Nc6 3. Bb5 a6 4. Ba4 Nf6 5. O-O Be7 6. d3 b5 7. Bb3 d6 8. a4 Bd7 9. Bd2 {C84: Spanische Partie (Mittelgambit)} O-O 10. h3 {LiveBook: 3 Partien} Nd4 $146 ({Vorgänger:} 10... b4 11. a5 Rb8 12. c3 h6 13. Re1 Re8 14. d4 Bf8 15. d5 bxc3 16. bxc3 Ne7 {1-0 (54) Grischuk,A (2766)-Caruana,F (2816) Paris 2018}) 11. Nxd4 {Weiß steht etwas besser.} exd4 12. f4 c5 13. e5 Ne8 $1 14. Qf3 Nc7 15. Ba5 $1 {Droht stark axb5.} bxa4 16. Bxa4 Bxa4 17. Rxa4 dxe5 $1 18. Qc6 Rc8 19. fxe5 Qd5 20. Qxd5 Nxd5 21. Bd2 Rc6 22. Na3 Re8 23. Ra1 Bd8 24. Nc4 Ree6 25. Re1 Bh4 26. Re4 Bg3 27. Ra5 f6 {[%cal Rg3e5]} 28. b4 (28. Ra1 $11) 28... Nxb4 $15 29. Bxb4 cxb4 30. Rxd4 Bxe5 (30... h5 {keeps more tension.} 31. Re4 Bxe5 32. Nxe5 Rxc2 33. Rxb4 fxe5 34. Re4 Rg6) 31. Rd8+ (31. Nxe5 $11 fxe5 32. Rxb4) 31... Kf7 $17 32. Rd7+ Re7 33. Rxe7+ Kxe7 {[%mdl 4096] Endspiel KTL-KTS} 34. Kf2 {[#]} Bc3 ({Günstiger ist} 34... Bc7 $1 $17 {[%cal Rc7a5]} 35. Rh5 h6) 35. Ra4 Ke6 36. Ke3 g5 37. Na5 Rc7 38. Nb3 Rc6 39. g4 Kf7 40. d4 Re6+ 41. Kd3 Re1 {...Th1 ist eine echte Drohung.} 42. Rxa6 Rh1 43. d5 Rxh3+ 44. Kc4 Rh1 45. Ra7+ {[%mdl 1024] Weiss hat Kompensation.} Kg6 46. Nc5 {Mit der Idee d6.} Rd1 47. Ne6 {Beabsichtigt Sf8+ und Matt.} f5 48. Nf8+ Kf6 49. Nxh7+ (49. Nd7+ $11 Kf7 50. Ne5+ Kf6 51. Nd7+ Kf7 52. Ne5+ Kf6 53. Nd7+) 49... Kg6 (49... Ke5 $17 50. Re7+ Kf4 51. gxf5 Kxf5) 50. Nf8+ $11 Kf6 51. Nd7+ Kg6 52. Ra6+ Kf7 53. gxf5 Rf1 54. Nc5 Rf4+ 55. Kb5 {Droht d6 und aus.} Rxf5 56. Kc6 g4 57. Ne4 Rf4 58. Ra7+ Kg6 (58... Kf8 $1 $11 59. Nxc3 Rc4+ 60. Kb5 Rxc3) 59. Re7 $16 {Und weiter mit d6 wäre nett.} Kf5 60. Ng3+ Kf6 (60... Kg6 $142) 61. d6 Rc4+ {[#]} 62. Kb5 ({Lieber} 62. Kd7 $1 $16) 62... Rd4 $11 63. Re2 Kg5 (63... Bb2 $11 {bleibt in der Remisbreite.}) 64. Kc6 (64. Re8 $16) 64... Kf4 {Die Stellung ist ausgeglichen.} 65. Nh5+ Kg5 ({Bitte nicht} 65... Kf3 $6 66. Re8 $16) 66. Re5+ Kh4 67. Rf5 {zielt auf Sf4 ab.} g3 {[#]} 68. Nxg3 $1 {[%mdl 512]} Kxg3 {KTL-KT} 69. d7 {Und Tf8 würde nun gewinnen.} Bd2 ({Aber nicht} 69... b3 $2 70. cxb3 Kg4 71. Rf8 $18 (71. Rd5 Rxd5 72. Kxd5 Bf6 $11)) 70. Kc7 Bf4+ 71. Kc6 $132 {[%mdl 2048] Weiss is not keeping still} Rd6+ 72. Kc7 $1 Rd2+ 73. Kc6 $1 Rxc2+ 74. Rc5 $1 Rd2 75. Rd5 Rxd5 76. Kxd5 {Precision: Weiß = 53%, Schwarz = 56%.} 1/2-1/2

[Event "EYCC Open U14 2018"]
[Site "Riga"]
[Date "2018.08.29"]
[Round "9"]
[White "Boyer, Mahel"]
[Black "Gines Esteo, Pedro Antonio"]
[Result "1/2-1/2"]
[WhiteElo "2189"]
[BlackElo "2336"]
[Annotator "TA"]
[PlyCount "116"]
[EventDate "2018.08.20"]
[EventType "swiss"]
[EventCountry "LAT"]
[SourceTitle "playchess.com"]
[Source "ChessBase"]
[SourceQuality "1"]

{[%evp 17,116,40,37,46,40,45,45,43,51,54,67,67,67,67,66,52,55,45,82,45,132,58,64,29,29,26,45,40,52,43,48,63,37,0,105,79,92,107,87,86,100,89,101,88,69,67,112,96,101,97,183,151,246,247,483,472,275,158,237,154,142,70,172,99,99,128,135,24,37,2,1,1,12,4,8,0,0,0,0,0,8,8,8,0,0,0,8,8,8,8,8,8,8,0,12,8,8,8,8,0,15]} 1. d4 f5 2. c4 Nf6 3. Nc3 g6 4. Nf3 Bg7 5. e3 {[%cal Be2e3,Be3e4][%mdl 32]} O-O 6. Be2 d6 7. O-O Nc6 8. d5 {A85: Holländische Verteidigung} Ne5 9. Nxe5 dxe5 {LiveBook: 5 Partien} 10. e4 {Weiß steht etwas besser.} (10. Qb3 c5 11. dxc6 bxc6 12. c5+ Kh8 13. Qa4 Qc7 14. b4 Be6 15. Bb2 Nd7 {1-0 (46) Melkumyan,H (2632)-Nguyen,P (2329) London 2015}) 10... e6 11. Qb3 $146 ({Vorgänger:} 11. c5 exd5 12. exd5 b6 13. b4 a5 14. Ba3 axb4 15. Bxb4 bxc5 16. Bxc5 Rf7 17. a4 Ne8 18. f3 Nd6 19. Qb3 Kh8 20. Nb5 Bf8 {½-½ (20) Townsend,M (2246)-Wiersma,E (2419) Plovdiv 2010}) 11... exd5 12. cxd5 Kh8 13. Bg5 h6 14. Be3 Ne8 15. Rac1 a6 16. a4 {[%cal Ba2a4,Ba4a5][%mdl 32]} Nd6 17. a5 f4 18. Bc5 g5 (18... f3 $14 19. Bxf3 Rxf3 20. gxf3 Bh3) 19. Qd1 (19. Bxd6 $1 $16 Qxd6 20. Na4) 19... Rg8 $14 20. b3 Bf8 21. Bg4 Qf6 22. h3 Rg7 23. Bxd6 Bxd6 24. Na4 Bxg4 25. hxg4 h5 {[#]} (25... Qe7 $11 {hält das Gleichgewicht.}) 26. Nc5 $1 $16 ({Nur nicht} 26. gxh5 $2 g4 $17) 26... Bxc5 27. Rxc5 Qh6 28. Rc3 ({Doch nicht} 28. gxh5 $6 g4 $11) 28... Qd6 29. Rh3 h4 30. Qe1 Rf8 31. Qc3 Rff7 32. Rc1 Kg8 33. b4 Re7 (33... Qd7 $16) 34. Qc4 Rgf7 (34... Qd7 $16 35. Rb3 Ref7) 35. b5 $18 Qd7 $2 (35... Rf6 36. Rb3 f3) 36. bxa6 bxa6 37. f3 (37. Qxa6 $18 Qxg4 38. Qg6+ Rg7 39. Qc6) 37... Qd6 (37... c6 $16 {war nötig.}) 38. Kf2 Qa3 {[#]} 39. Qc3 (39. Qc5 $1 $16 {[%cal Rc5a3]} Qb2+ 40. Kg1) 39... Qa2+ (39... Qxc3 $1 $14 40. Rxc3 Rf6) 40. Rc2 (40. Kg1 $18) 40... Qb1 $16 41. Rb2 Qd1 42. Rd2 ({Günstiger ist} 42. Re2 $16) 42... Qb1 $11 43. Qb2 Qxb2 {Die Stellung ist ausgeglichen.} 44. Rxb2 {[%mdl 4096] Endspiel zielt auf Th1 ab. KTT-KTT} c6 $1 45. dxc6 {Droht stark Tb6.} Rc7 46. Rb8+ Rf8 47. Rb6 Rf6 48. Rh1 {Droht Tc1 und aus.} Rfxc6 49. Rhb1 Kf7 50. Rxc6 Rxc6 {KT-KT} 51. Rb6 Rc2+ 52. Kg1 h3 53. gxh3 Rc1+ 54. Kf2 Rc2+ 55. Kf1 Rc1+ 56. Ke2 Rc2+ 57. Ke1 Rc3 58. Ke2 Rc2+ {Precision: Weiß = 61%, Schwarz = 53%.} 1/2-1/2